000 00918nmm a2200289 a 4500
001 ocm000681575
003 TR-IsHL
005 20201028115115.0
008 140217s2002 tu tur
007 cr cn
020 _a9789758606115
035 _a681575
_b(N$T)
050 0 4 _aHD5811.93.A6
_bP37 2002
090 0 4 _aHD5811.93.A6
_bP37 2002
100 1 _aParasız, İlker
245 1 0 _aModern emek ekonomisi
_h[electronic resource] /
_cİlker Parasız ; Melike Bildirici
250 _a1. bs.
260 _aBursa :
_bEzgi Kitabevi,
_c2002
300 _a456 p.
650 4 _aEkonomi ve Finans
650 4 _aEconomics and Finance
650 0 _aÇalışma ekonomisi.
650 0 _aLabor economics.
650 7 _aPOLITICAL SCIENCE / Labor & Industrial Relations
_2bisacsh
700 1 _aBildirici, Melike
856 4 0 _uhttp://search.ebscohost.com/login.aspx?direct=true&scope=site&db=e011xww&AN=681575
999 _c74
_d74